000 00431nam a2200169Ia 4500
008 230524s9999 xx 000 0 und d
020 _a9789323542013
082 _bJHA
100 _aKumar Neeraj Jha
_942888
245 0 _aConstruction Project Management : Theory and Practice
250 _a2
260 _aNew Delhi
_bPearson
_c2015
300 _a"XX,869p;"
500 _aQuantity Number: 1
650 _aCivil
942 _cBK
999 _c57858
_d57858